000 00300nam a22001337a 4500
008 171025b xxu||||| |||| 00| 0 eng d
020 _a9781587781421
041 _aeng
080 _24 ED
_a311
100 _a55
101 _aSTA
245 _aBUSSINESS ASSOCIATIONS
_cKLLIN.W.A
942 _2udc
_cBK
999 _c35823
_d35823